[Event "Araraquara op 2nd"]
[Site "Araraquara"]
[Date "2024.02.12"]
[Round "6"]
[White "Caetano, Marco Antonio"]
[Black "Nejanky, Maisa"]
[Result "0-1"]
[WhiteElo "1606"]
[BlackElo "1940"]
[PlyCount "140"]
[EventDate "2024.02.10"]
[EventType "swiss"]
[EventRounds "7"]
[EventCountry "BRA"]
[SourceTitle "CB09_2024"]
[SourceDate "2024.02.28"]
[SourceVersion "1"]
[SourceVersionDate "2024.02.28"]
[SourceQuality "1"]

1. e4 c5 2. Nf3 d6 3. d4 cxd4 4. Nxd4 Nf6 5. Nc3 Nc6 6. Bg5 Bd7 7. Qd2 a6 8. 0-0-0 Rc8 9. f4 h6 10. Bh4 e6 11. Bxf6 gxf6 12. Nxc6 Bxc6 13. f5 h5 14. Kb1 Qa5 15. Bd3 Qc5 16. Rhe1 Bh6 17. Qe2 Bf4 18. Nd5 exd5 19. exd5+ Be5 20. dxc6 bxc6 21. Bc4 Rb8 22. Bb3 a5 23. Qe4 Rb4 24. Qe3 Qxe3 25. Rxe3 Ke7 26. c3 Rf4 27. Bc2 d5 28. Rde1 Kd6 29. Rh3 Rf2 30. g3 Rb8 31. Kc1 Rh8 32. Kd1 h4 33. Re2 Rxe2 34. Kxe2 Re8 35. Kf3 hxg3 36. hxg3 Rb8 37. b3 Bxc3 38. Rh7 Rb7 39. Rh8 Re7 40. Rh7 Bd4 41. Rh2 Re1 42. Re2 Rf1+ 43. Kg2 Rg1+ 44. Kf3 Be5 45. Rg2 Ra1 46. Bd3 c5 47. Rc2 Rd1 48. Be2 Rg1 49. g4 Bd4 50. Bb5 Rh1 51. Rg2 Rh8 52. Bd3 Rb8 53. Rc2 Rb4 54. Be2 a4 55. bxa4 Rxa4 56. Bd1 Ra3+ 57. Kg2 Be5 58. Bf3 c4 59. Be2 Kc5 60. Kf2 Bc3 61. Bf1 d4 62. Re2 d3 63. Re8 Rxa2+ 64. Kf3 Bd4 65. g5 Ra1 66. g6 fxg6 67. fxg6 Rxf1+ 68. Kg2 d2 69. Rc8+ Kb4 70. Rd8 d1Q 0-1

[Event "Araraquara op 2nd"]
[Site "Araraquara"]
[Date "2024.02.11"]
[Round "4"]
[White "Bonilla Viamonte, Diego Armando"]
[Black "Nejanky, Maisa"]
[Result "0-1"]
[WhiteElo "1721"]
[BlackElo "1940"]
[PlyCount "64"]
[EventDate "2024.02.10"]
[EventType "swiss"]
[EventRounds "7"]
[EventCountry "BRA"]
[SourceTitle "CB09_2024"]
[SourceDate "2024.02.28"]
[SourceVersion "1"]
[SourceVersionDate "2024.02.28"]
[SourceQuality "1"]

1. c4 e5 2. Nc3 Nf6 3. e4 Nc6 4. d3 Bc5 5. h3 h6 6. g3 d6 7. Bg2 Be6 8. a3 a5 9. Nge2 Qd7 10. Nd5 Nh7 11. g4 a4 12. Bd2 Nf8 13. f4 Qd8 14. Kf1 exf4 15. Bc3 Bxd5 16. exd5 Ne5 17. Bxe5 dxe5 18. d4 exd4 19. Nxd4 Ng6 20. Qe2+ Kf8 21. Nf5 Qd7 22. Re1 Kg8 23. Be4 Re8 24. Qd1 Ne5 25. Qc2 g6 26. Nh4 Kh7 27. Rh2 Qd8 28. Nf3 Nxf3 29. Bxf3 Qh4 30. Be4 f3 31. Qd2 Qg3 32. Rh1 f2 0-1

[Event "ARG-ch (Women) 74th"]
[Site "Buenos Aires"]
[Date "2023.11.26"]
[Round "7"]
[White "Adam, Ernestina"]
[Black "Nejanky, Maisa"]
[Result "0-1"]
[WhiteElo "2036"]
[BlackElo "1951"]
[PlyCount "220"]
[EventDate "2023.11.20"]
[EventType "swiss"]
[EventRounds "9"]
[EventCountry "ARG"]
[SourceTitle "CB49_2023"]
[SourceDate "2023.12.06"]
[SourceVersion "1"]
[SourceVersionDate "2023.12.06"]
[SourceQuality "1"]

1. e4 c5 2. Nf3 d6 3. d4 cxd4 4. Nxd4 Nf6 5. Nc3 Nc6 6. Bc4 Qb6 7. Nb3 e6 8. Be3 Qc7 9. 0-0 a6 10. Be2 b5 11. a3 Bb7 12. f4 b4 13. axb4 Nxb4 14. Bf3 d5 15. e5 Ne4 16. Bxe4 dxe4 17. Qe2 a5 18. Qf2 a4 19. Nd4 Bc6 20. Kh1 Be7 21. Qe2 0-0 22. Bf2 a3 23. bxa3 Nd5 24. Nxc6 Qxc6 25. Nxe4 Nxf4 26. Qf3 Nd5 27. Rfc1 Ra4 28. c4 Rxc4 29. Rxc4 Qxc4 30. h3 h6 31. a4 Ra8 32. a5 Qc7 33. Bd4 Rxa5 34. Rf1 Bf8 35. Nd6 Bxd6 36. exd6 Qd7 37. Qg3 f6 38. Bb2 e5 39. Ba3 Kf7 40. Rc1 Qa4 41. Bc5 Qf4 42. Qe1 Ra8 43. Rb1 Qc4 44. Rc1 Qa2 45. Qe4 Ra4 46. Qf5 Nf4 47. Qd7+ Kg8 48. Qc8+ Kh7 49. Qf5+ Kg8 50. Rc2 Qe6 51. Qxe6+ Nxe6 52. d7 Ra1+ 53. Kh2 Rd1 54. Be3 Rxd7 55. Rc8+ Kf7 56. g4 Rd3 57. Bc1 Nf8 58. Rc7+ Nd7 59. Kg2 g5 60. Ra7 Ke6 61. Ra8 Rc3 62. Ba3 e4 63. Ra6+ Kf7 64. Ra7 Rd3 65. Bb4 Ke6 66. Ra6+ Ke5 67. Ra5+ Kd4 68. Be1 e3 69. Ra4+ Kd5 70. Kf3 e2+ 71. Kxe2 Rxh3 72. Ra5+ Ke4 73. Ra4+ Ke5 74. Ra5+ Ke6 75. Ra6+ Kf7 76. Ra7 Ke7 77. Bb4+ Ke6 78. Ra6+ Ke5 79. Ra7 Nb6 80. Ra6 Nc4 81. Bf8 Rh2+ 82. Kf3 Nd2+ 83. Kg3 Nf1+ 84. Kf3 Rc2 85. Bg7 Nd2+ 86. Ke3 Ne4 87. Ra5+ Nc5 88. Bxh6 Rc3+ 89. Ke2 Kf4 90. Bg7 Ne4 91. Bxf6 Re3+ 92. Kd1 Nxf6 93. Rf5+ Kxg4 94. Rxf6 Kh3 95. Kd2 Re7 96. Rh6+ Kg3 97. Rh8 g4 98. Rg8 Kf3 99. Rf8+ Kg2 100. Rg8 g3 101. Rg6 Kf2 102. Rf6+ Kg1 103. Rg6 g2 104. Rg8 Re4 105. Kd3 Rh4 106. Ke2 Kh1 107. Kf2 Rh7 108. Rg6 Rf7+ 109. Ke2 g1Q 110. Rh6+ Qh2+ 0-1

[Event "Asuncion zt 2.5 (Women)"]
[Site "Asuncion"]
[Date "2023.03.11"]
[Round "9"]
[White "Nejanky, Maisa"]
[Black "Perez, Dalila"]
[Result "1-0"]
[WhiteElo "1930"]
[BlackElo "1699"]
[PlyCount "81"]
[EventDate "2023.03.05"]
[EventType "swiss"]
[EventRounds "9"]
[EventCountry "PAR"]
[SourceTitle "CBM 213 Extra"]
[Source "ChessBase"]
[SourceDate "2023.05.31"]
[SourceVersion "1"]
[SourceVersionDate "2023.05.31"]
[SourceQuality "1"]

1. e4 e6 2. d4 d5 3. Nc3 dxe4 4. Nxe4 Nd7 5. Nf3 Ngf6 6. Nxf6+ Nxf6 7. Bd3 c5 8. 0-0 cxd4 9. Nxd4 Bc5 10. Nf3 h6 11. Qe2 0-0 12. Bd2 Bd7 13. b4 Bd6 14. c4 b6 15. Rfc1 Qe7 16. Rab1 Rac8 17. h3 Bc6 18. a3 e5 19. c5 bxc5 20. bxc5 Bb8 21. Nd4 Nd5 22. Nxc6 Rxc6 23. Qe4 Rg6 24. Qxd5 e4 25. Bxe4 Re6 26. Rb7 Qh4 27. Bb1 Rf6 28. Be3 Bf4 29. Qe4 g6 30. Bxf4 Rxf4 31. Qe3 Rf6 32. c6 Re6 33. Qg3 Qf6 34. c7 Ree8 35. Rb8 Qe6 36. Bd3 a6 37. Rcb1 Kh7 38. Bf1 Qc6 39. R8b6 Qc2 40. Bd3 Qd2 41. Bxg6+ 1-0

[Event "Asuncion zt 2.5 (Women)"]
[Site "Asuncion"]
[Date "2023.03.08"]
[Round "6"]
[White "Nejanky, Maisa"]
[Black "Quevedo, Andreina"]
[Result "1-0"]
[WhiteElo "1930"]
[BlackElo "1790"]
[PlyCount "85"]
[EventDate "2023.03.05"]
[EventType "swiss"]
[EventRounds "9"]
[EventCountry "PAR"]
[SourceTitle "CBM 213 Extra"]
[Source "ChessBase"]
[SourceDate "2023.05.31"]
[SourceVersion "1"]
[SourceVersionDate "2023.05.31"]
[SourceQuality "1"]

1. e4 e6 2. d4 d5 3. Nc3 dxe4 4. Nxe4 Nd7 5. Nf3 Ngf6 6. Bd3 c5 7. c3 Nxe4 8. Bxe4 Nf6 9. Bc2 cxd4 10. Nxd4 Bc5 11. Nb3 Qxd1+ 12. Bxd1 Bb6 13. Bf3 Nd7 14. 0-0 0-0 15. a4 a6 16. a5 Bc7 17. Be3 Ne5 18. Be2 Rb8 19. Ba7 Ra8 20. Bc5 Rd8 21. Nd4 Bd7 22. b4 Nc6 23. Bf3 Be5 24. Rad1 Bf6 25. Bb6 Rdc8 26. Nb3 Be8 27. Rc1 Rab8 28. Nc5 Bd8 29. Bxd8 Rxd8 30. Rfd1 Rxd1+ 31. Rxd1 Nd8 32. Rd6 Bc6 33. Bxc6 Nxc6 34. Nxb7 Na7 35. Nc5 Nb5 36. Rxa6 Nxc3 37. Rb6 Rd8 38. g3 h5 39. a6 Rd1+ 40. Kg2 Nd5 41. Rb8+ Kh7 42. a7 Nc7 43. Rc8 1-0

[Event "Buenos Aires Torre Blanca U2400 op"]
[Site "Buenos Aires"]
[Date "2023.01.08"]
[Round "5"]
[White "Nejanky, Maisa"]
[Black "Gullo, Octavio"]
[Result "0-1"]
[WhiteElo "1963"]
[BlackElo "1854"]
[PlyCount "58"]
[EventDate "2023.01.06"]
[EventType "swiss"]
[EventRounds "6"]
[EventCountry "ARG"]
[SourceTitle "CBM 212 Extra"]
[Source "ChessBase"]
[SourceDate "2023.03.31"]
[SourceVersion "1"]
[SourceVersionDate "2023.03.31"]
[SourceQuality "1"]

1. e4 c5 2. Nf3 Nc6 3. d4 cxd4 4. Nxd4 Nf6 5. Nc3 e5 6. Ndb5 d6 7. Bg5 a6 8. Na3 b5 9. Bxf6 gxf6 10. Nd5 f5 11. exf5 Bxf5 12. c3 Bg7 13. Nc2 Be6 14. Nce3 0-0 15. Bd3 f5 16. Qh5 e4 17. Bc2 Be5 18. g4 fxg4 19. Bxe4 Ra7 20. Nxg4 Rg7 21. Nde3 Qd7 22. h3 b4 23. Nxe5 Nxe5 24. cxb4 Qb5 25. Qe2 Qxb4+ 26. Kd1 Qxe4 27. Re1 Qd4+ 28. Qd2 Qxd2+ 29. Kxd2 Nf3+ 0-1

[Event "Buenos Aires Torre Blanca U2400 op"]
[Site "Buenos Aires"]
[Date "2023.01.07"]
[Round "4"]
[White "Vasquez Vargas, Henry Richard"]
[Black "Nejanky, Maisa"]
[Result "1-0"]
[WhiteElo "2073"]
[BlackElo "1963"]
[PlyCount "127"]
[EventDate "2023.01.06"]
[EventType "swiss"]
[EventRounds "6"]
[EventCountry "ARG"]
[SourceTitle "CBM 212 Extra"]
[Source "ChessBase"]
[SourceDate "2023.03.31"]
[SourceVersion "1"]
[SourceVersionDate "2023.03.31"]
[SourceQuality "1"]

1. d4 Nf6 2. Nc3 c5 3. d5 e5 4. e4 d6 5. Nf3 Be7 6. Be2 0-0 7. Nd2 Nbd7 8. 0-0 a6 9. a4 b6 10. Nc4 Bb7 11. f4 b5 12. fxe5 bxc4 13. exf6 Bxf6 14. Bxc4 Bd4+ 15. Kh1 Ne5 16. Be2 Qh4 17. Bf4 f5 18. Qd2 h6 19. exf5 Rxf5 20. Bg3 Rxf1+ 21. Rxf1 Bxc3 22. Qxc3 Qe4 23. Bf3 Nxf3 24. Qxf3 Bxd5 25. Bxd6 Qxf3 26. gxf3 c4 27. Kg2 Rd8 28. Bf4 Bc6 29. a5 g5 30. Be3 Rd5 31. Kg3 Rxa5 32. f4 Rb5 33. Bd4 Rd5 34. c3 Rb5 35. Rf2 gxf4+ 36. Kxf4 Kh7 37. Ke3 Be8 38. Rf8 Rb8 39. h4 h5 40. Kf4 Kg6 41. Rf6+ Kh7 42. Rf8 Kg6 43. Be5 Ra8 44. Rf6+ Kh7 45. Kg5 a5 46. Rf8 Bc6 47. Rf7+ Kg8 48. Rg7+ Kf8 49. Kxh5 Re8 50. Rg5 Bf3+ 51. Kg6 Re6+ 52. Kf5 Rb6 53. h5 Rxb2 54. Ke6 Re2 55. Rf5+ Kg8 56. Rxf3 a4 57. Rf4 a3 58. Rxc4 a2 59. Ra4 Kh7 60. c4 Kh6 61. c5 Kxh5 62. c6 Rc2 63. c7 Kg6 64. Rxa2 1-0

[Event "Buenos Aires Torre Blanca U2400 op"]
[Site "Buenos Aires"]
[Date "2023.01.06"]
[Round "1"]
[White "Parrilla, Juan Jose"]
[Black "Nejanky, Maisa"]
[Result "1/2-1/2"]
[WhiteElo "1686"]
[BlackElo "1963"]
[PlyCount "130"]
[EventDate "2023.01.06"]
[EventType "swiss"]
[EventRounds "6"]
[EventCountry "ARG"]
[SourceTitle "CBM 212 Extra"]
[Source "ChessBase"]
[SourceDate "2023.03.31"]
[SourceVersion "1"]
[SourceVersionDate "2023.03.31"]
[SourceQuality "1"]

1. e4 c5 2. Nf3 d6 3. Bb5+ Bd7 4. Bxd7+ Qxd7 5. 0-0 Nc6 6. c3 Nf6 7. Re1 e6 8. d4 cxd4 9. cxd4 d5 10. e5 Ne4 11. Nbd2 Nxd2 12. Bxd2 Be7 13. a3 h6 14. Rc1 0-0 15. Rc3 f5 16. exf6 Rxf6 17. Rce3 Raf8 18. Bc3 Bd8 19. R1e2 Bc7 20. Qe1 Re8 21. Nd2 Bf4 22. Rd3 Qf7 23. Nf1 Qg6 24. Rf3 Bc7 25. Rxf6 Qxf6 26. Qd2 Bb6 27. Ne3 Qg6 28. Nc2 a5 29. h3 Qf6 30. Qd3 Qf4 31. g3 Qf7 32. Kg2 Rc8 33. Ne3 Ne7 34. Ng4 Bc7 35. Qe3 h5 36. Nh2 Nf5 37. Qxe6 Qxe6 38. Rxe6 Kf7 39. Re2 b5 40. Nf3 Bb6 41. Re5 Ne7 42. Rxh5 Bc7 43. Ne5+ Kf6 44. Rh4 Nf5 45. Rg4 b4 46. Rg6+ Ke7 47. axb4 Bxe5 48. dxe5 d4 49. Bd2 axb4 50. Bxb4+ Kf7 51. Rb6 Rc2 52. e6+ Kf6 53. g4 Ne3+ 54. Kf3 Nd5 55. g5+ Kf5 56. Rd6 Ke5 57. e7 Nxe7 58. Rd8 Nc6 59. Re8+ Kf5 60. Rf8+ Kxg5 61. Bd6 Rxb2 62. Bf4+ Kg6 63. Re8 Kf7 64. Re1 d3 65. Ra1 Rb3 1/2-1/2

[Event "Rio de Janeiro Duchamp op 4th"]
[Site "Rio de Janeiro"]
[Date "2022.12.12"]
[Round "7"]
[White "Bucci, Andrea Vidigal"]
[Black "Nejanky, Maisa"]
[Result "0-1"]
[WhiteElo "1747"]
[BlackElo "1929"]
[PlyCount "46"]
[EventDate "2022.12.07"]
[EventType "swiss"]
[EventRounds "9"]
[EventCountry "BRA"]
[SourceTitle "CBM 211 Extra"]
[Source "ChessBase"]
[SourceDate "2023.01.31"]
[SourceVersion "1"]
[SourceVersionDate "2023.01.31"]
[SourceQuality "1"]

1. e4 c5 2. Nf3 d6 3. d4 cxd4 4. Nxd4 Nf6 5. Nc3 Nc6 6. Bg5 e6 7. Bxf6 gxf6 8. Qd2 h5 9. Bb5 Bd7 10. a3 Qb6 11. Nb3 a6 12. Be2 h4 13. Na4 Qa7 14. 0-0-0 b5 15. Nc3 Qxf2 16. Kb1 Be7 17. g3 Qb6 18. Bg4 Ne5 19. Nd5 exd5 20. Bxd7+ Kxd7 21. Qxd5 Rac8 22. Nd4 Rc5 23. Qb3 hxg3 0-1

[Event "Rio de Janeiro Duchamp op 4th"]
[Site "Rio de Janeiro"]
[Date "2022.12.11"]
[Round "6"]
[White "Nejanky, Maisa"]
[Black "Aranha Filho, Alvaro Zimmermann"]
[Result "0-1"]
[WhiteElo "1929"]
[BlackElo "2196"]
[PlyCount "39"]
[EventDate "2022.12.07"]
[EventType "swiss"]
[EventRounds "9"]
[EventCountry "BRA"]
[SourceTitle "CBM 211 Extra"]
[Source "ChessBase"]
[SourceDate "2023.01.31"]
[SourceVersion "1"]
[SourceVersionDate "2023.01.31"]
[SourceQuality "1"]

1. e4 c5 2. Nf3 Nc6 3. d4 cxd4 4. Nxd4 Nf6 5. Nc3 e5 6. Ndb5 d6 7. Bg5 a6 8. Na3 b5 9. Bxf6 gxf6 10. Nd5 f5 11. exf5 Bxf5 12. c3 Bg7 13. Nc2 0-0 14. Nce3 Bg6 15. Bd3 f5 16. Qd2 e4 17. Bc2 Ne7 18. Rd1 Bf6 19. f4 exf3 20. 0-0 0-1

[Event "ARG-ch 96th"]
[Site "Buenos Aires"]
[Date "2022.06.11"]
[Round "10"]
[White "Oro, Faustino"]
[Black "Nejanky, Maisa"]
[Result "0-1"]
[WhiteElo "2058"]
[BlackElo "1941"]
[PlyCount "96"]
[EventDate "2022.06.02"]
[EventType "swiss"]
[EventRounds "11"]
[EventCountry "ARG"]
[SourceTitle "EXT 2023"]
[Source "ChessBase"]
[SourceDate "2022.10.05"]
[SourceVersion "1"]
[SourceVersionDate "2022.10.05"]
[SourceQuality "1"]

1. e4 c5 2. Nf3 d6 3. Bb5+ Bd7 4. Bxd7+ Qxd7 5. c4 Nc6 6. 0-0 g6 7. d4 cxd4 8. Nxd4 Bg7 9. Be3 Nf6 10. f3 0-0 11. Nc3 a6 12. Rc1 Nxd4 13. Bxd4 b5 14. Nd5 Nxd5 15. cxd5 Bxd4+ 16. Qxd4 Rfc8 17. Qb6 Rc4 18. b3 Rcc8 19. Rc6 Rxc6 20. dxc6 Qa7 21. Qxa7 Rxa7 22. Kf2 Kf8 23. Ke3 Ke8 24. Kd4 Kd8 25. Rc1 Kc7 26. f4 Ra8 27. f5 gxf5 28. exf5 Rg8 29. g3 Rg4+ 30. Kd3 e5 31. fxe6 fxe6 32. Rf1 Kxc6 33. Rf7 h5 34. Ra7 h4 35. Rxa6+ Kc5 36. gxh4 Rxh4 37. Ra8 Rxh2 38. Rc8+ Kd5 39. Rb8 Rh3+ 40. Kc2 Kc5 41. Rc8+ Kd4 42. Rb8 Rh2+ 43. Kb1 e5 44. a4 bxa4 45. bxa4 e4 46. a5 e3 47. Kc1 Ra2 48. Rb2 e2 0-1

[Event "ARG-ch 96th"]
[Site "Buenos Aires"]
[Date "2022.06.07"]
[Round "6"]
[White "Aguilar Samper, Valentin"]
[Black "Nejanky, Maisa"]
[Result "1-0"]
[WhiteElo "2169"]
[BlackElo "1941"]
[PlyCount "55"]
[EventDate "2022.06.02"]
[EventType "swiss"]
[EventRounds "11"]
[EventCountry "ARG"]
[SourceTitle "CBM 208 Extra"]
[Source "ChessBase"]
[SourceDate "2022.07.31"]
[SourceVersion "1"]
[SourceVersionDate "2022.07.31"]
[SourceQuality "1"]

1. d4 Nf6 2. c4 e5 3. dxe5 Ng4 4. Nf3 Bc5 5. e3 Nc6 6. a3 a5 7. Nc3 Ngxe5 8. Nxe5 Nxe5 9. f4 Ng6 10. Bd3 Qh4+ 11. g3 Qh3 12. Ne4 Qg2 13. Nf2 Qc6 14. Qh5 Ne7 15. Bd2 d5 16. Qe5 f6 17. Qh5+ g6 18. cxd5 Qxd5 19. Bxg6+ Kf8 20. Qh6+ Kg8 21. Be4 Qe6 22. Rc1 Bxe3 23. Bxe3 Nf5 24. Qh5 Nxe3 25. Qe2 c6 26. Qxe3 f5 27. 0-0 fxe4 28. f5 1-0

[Event "ARG-ch sf 95th"]
[Site "Buenos Aires"]
[Date "2020.02.29"]
[Round "8"]
[White "Nejanky, Maisa"]
[Black "Axarlian, Carlos"]
[Result "0-1"]
[WhiteElo "1969"]
[BlackElo "2092"]
[PlyCount "66"]
[EventDate "2020.02.22"]
[EventType "swiss"]
[EventRounds "9"]
[EventCountry "ARG"]
[SourceTitle "CBM 195 Extra"]
[Source "ChessBase"]
[SourceDate "2020.05.31"]
[SourceVersion "1"]
[SourceVersionDate "2020.05.31"]
[SourceQuality "1"]

1. e4 c5 2. Nf3 d6 3. d4 cxd4 4. Nxd4 Nf6 5. Nc3 a6 6. f4 e5 7. Nf3 Nbd7 8. Bc4 Be7 9. a4 b6 10. 0-0 Bb7 11. Qe2 0-0 12. Rd1 Qc7 13. f5 Rfc8 14. b3 h6 15. Ba3 b5 16. axb5 axb5 17. Nxb5 Qb6+ 18. Qf2 Nxe4 19. Qxb6 Nxb6 20. Nxe5 dxe5 21. Bxe7 Rxa1 22. Rxa1 Nxc4 23. bxc4 Rxc4 24. Ra2 Bc6 25. Na3 Rd4 26. Ra1 f6 27. c3 Nxc3 28. Nc2 Rd2 29. Ne3 Nd5 30. Bc5 Nxe3 31. Bxe3 Rxg2+ 32. Kf1 Rxh2 33. Ra7 Be4 0-1

[Event "ARG-ch sf 95th"]
[Site "Buenos Aires"]
[Date "2020.02.24"]
[Round "3"]
[White "Ferrara, Enzo"]
[Black "Nejanky, Maisa"]
[Result "1-0"]
[WhiteElo "2186"]
[BlackElo "1969"]
[PlyCount "69"]
[EventDate "2020.02.22"]
[EventType "swiss"]
[EventRounds "9"]
[EventCountry "ARG"]
[SourceTitle "CBM 195 Extra"]
[Source "ChessBase"]
[SourceDate "2020.05.31"]
[SourceVersion "1"]
[SourceVersionDate "2020.05.31"]
[SourceQuality "1"]

1. d4 Nf6 2. Nf3 c5 3. c3 e6 4. Bf4 Qb6 5. Qc2 Nc6 6. e3 d5 7. Nbd2 Bd7 8. dxc5 Bxc5 9. Nb3 Be7 10. h3 Rc8 11. Be2 0-0 12. 0-0 a5 13. Nbd2 Nb4 14. Qd1 Na6 15. Rb1 a4 16. Ne5 Nc5 17. c4 Rfd8 18. b4 axb3 19. axb3 Nce4 20. Nxe4 Nxe4 21. Qc2 Be8 22. Bd3 f6 23. Nf3 g5 24. Bh2 Bg6 25. Nd4 Bc5 26. Nb5 Kg7 27. Rbd1 Bb4 28. Qb2 dxc4 29. bxc4 Bc5 30. Bxe4 Bxe4 31. Bc7 Qc6 32. Bxd8 Rxd8 33. Rxd8 Bxg2 34. Nd4 Bxf1 35. Nxc6 1-0

[Event "ARG-ch sf 95th"]
[Site "Buenos Aires"]
[Date "2020.02.22"]
[Round "1"]
[White "Benedetti, Julio"]
[Black "Nejanky, Maisa"]
[Result "1-0"]
[WhiteElo "2295"]
[BlackElo "1969"]
[PlyCount "75"]
[EventDate "2020.02.22"]
[EventType "swiss"]
[EventRounds "9"]
[EventCountry "ARG"]
[SourceTitle "CBM 195 Extra"]
[Source "ChessBase"]
[SourceDate "2020.05.31"]
[SourceVersion "1"]
[SourceVersionDate "2020.05.31"]
[SourceQuality "1"]

1. e4 c5 2. Nc3 Nc6 3. f4 g6 4. Nf3 Bg7 5. Bc4 e6 6. f5 Nge7 7. fxe6 fxe6 8. d3 d5 9. Bb3 b5 10. 0-0 c4 11. dxc4 Qb6+ 12. c5 Qxc5+ 13. Kh1 d4 14. Ne2 0-0 15. Ng5 Rxf1+ 16. Qxf1 Nd8 17. Nf4 Qe5 18. Bd2 a5 19. a3 a4 20. Ba2 Bd7 21. Nd3 Qf6 22. Qe2 Nec6 23. Nc5 d3 24. Nxd3 Nd4 25. Qd1 h6 26. Nh3 Nf7 27. c3 Nb3 28. Bxb3 axb3 29. Qxb3 e5 30. Nhf2 Bc6 31. Be3 Kh7 32. Nb4 Bb7 33. Nd5 Qh4 34. g3 Qh5 35. Nf6+ Bxf6 36. Qxf7+ Bg7 37. Qxb7 Rf8 38. Re1 1-0

[Event "Montevideo zt 2.5 (Women)"]
[Site "Montevideo"]
[Date "2019.04.14"]
[Round "2"]
[White "Nejanky, Maisa"]
[Black "Sarquis, Maria Belen"]
[Result "0-1"]
[WhiteElo "2000"]
[BlackElo "2141"]
[PlyCount "114"]
[EventDate "2019.04.13"]
[EventType "swiss"]
[EventRounds "9"]
[EventCountry "URU"]
[SourceTitle "CBM 189 Extra"]
[Source "ChessBase"]
[SourceDate "2019.06.03"]
[SourceVersion "1"]
[SourceVersionDate "2019.06.03"]
[SourceQuality "1"]

1. e4 e5 2. Nf3 Nc6 3. d4 exd4 4. Nxd4 Bc5 5. Be3 Qf6 6. c3 Nge7 7. Bc4 Ne5 8. Be2 Qg6 9. 0-0 d6 10. Nd2 Bh3 11. Bf3 Nxf3+ 12. Qxf3 Bg4 13. Qg3 0-0 14. f4 Bd7 15. Qh4 Rfe8 16. f5 Qf6 17. Bg5 Bxd4+ 18. Kh1 Qe5 19. Nf3 Qa5 20. cxd4 f6 21. Bxf6 gxf6 22. Qxf6 Nxf5 23. g4 Re6 24. Qxf5 Qxf5 25. exf5 Re2 26. d5 Rxb2 27. Rab1 Rxb1 28. Rxb1 Rb8 29. Nd4 Kf7 30. g5 b6 31. Kg2 Re8 32. Ne6 c6 33. Rc1 Rc8 34. Kf3 cxd5 35. Rxc8 Bxc8 36. Nd4 Ba6 37. Kf4 Bc4 38. a3 b5 39. Nc6 a6 40. Ke3 Bb3 41. h4 Bc2 42. Nd4 Be4 43. Kd2 a5 44. f6 b4 45. a4 h6 46. Nb3 hxg5 47. hxg5 d4 48. Nxd4 Bd5 49. Nf5 Ke6 50. Ng7+ Ke5 51. Kd3 Bf7 52. Ke3 d5 53. Kd2 Bg6 54. Kc1 d4 55. Kd2 b3 56. Kc1 d3 57. f7 Bxf7 0-1

[Event "Montevideo zt 2.5 (Women)"]
[Site "Montevideo"]
[Date "2019.04.13"]
[Round "1"]
[White "Fernandez, Maria Florencia"]
[Black "Nejanky, Maisa"]
[Result "1/2-1/2"]
[WhiteElo "2227"]
[BlackElo "2000"]
[PlyCount "75"]
[EventDate "2019.04.13"]
[EventType "swiss"]
[EventRounds "9"]
[EventCountry "URU"]
[SourceTitle "CBM 189 Extra"]
[Source "ChessBase"]
[SourceDate "2019.06.03"]
[SourceVersion "1"]
[SourceVersionDate "2019.06.03"]
[SourceQuality "1"]

1. d4 Nf6 2. c4 e5 3. dxe5 Ng4 4. Bf4 Nc6 5. Nf3 Bb4+ 6. Nbd2 Qe7 7. a3 Ngxe5 8. Nxe5 Nxe5 9. e3 Bxd2+ 10. Qxd2 d6 11. Be2 0-0 12. 0-0 b6 13. b4 Bb7 14. Qc3 Nd7 15. Rfc1 a5 16. Bg4 f5 17. c5 bxc5 18. Bd1 axb4 19. axb4 Kh8 20. Ba4 Nb6 21. Bb3 Qe4 22. f3 Qxb4 23. Qxb4 cxb4 24. Rab1 Rac8 25. Be6 Rce8 26. Rxc7 Rxe6 27. Rxb7 Nd5 28. Kf2 h6 29. Rd1 Nxf4 30. exf4 Ra8 31. Rd2 Ra4 32. Rb2 Kg8 33. Rb5 Rf6 34. Rb7 Rf7 35. Rb6 Rf6 36. Rb7 Rf7 37. Rb6 Rf6 38. Rb7 1/2-1/2

[Event "Buenos Aires Szmetan Giardelli op"]
[Site "Buenos Aires"]
[Date "2018.12.10"]
[Round "7"]
[White "Rasgido, Alejandro"]
[Black "Nejanky, Maisa"]
[Result "0-1"]
[WhiteElo "1890"]
[BlackElo "2032"]
[PlyCount "125"]
[EventDate "2018.12.04"]
[EventType "swiss"]
[EventRounds "9"]
[EventCountry "ARG"]
[SourceTitle "CBM 187 Extra"]
[Source "ChessBase"]
[SourceDate "2018.11.04"]
[SourceVersion "1"]
[SourceVersionDate "2018.11.04"]
[SourceQuality "1"]

1. d4 Nf6 2. Nf3 c5 3. c3 d5 4. Bg5 Ne4 5. Bf4 Nc6 6. e3 Bf5 7. Nbd2 e6 8. Be2 cxd4 9. exd4 Bd6 10. Bxd6 Nxd6 11. 0-0 0-0 12. Re1 Qf6 13. Nf1 Rfc8 14. Ne5 Ne7 15. Bd3 Bxd3 16. Qxd3 Ne4 17. Re2 Qh6 18. f3 Nd6 19. a4 f6 20. Ng4 Qg6 21. Qd1 Qf7 22. Nfe3 Ng6 23. g3 h5 24. Nf2 h4 25. Kg2 Qc7 26. Qd3 Kf7 27. Ree1 Rh8 28. b3 Rac8 29. Rac1 Ne7 30. c4 hxg3 31. hxg3 Ndf5 32. Nxf5 Nxf5 33. f4 Qc6 34. c5 a5 35. Ng4 b6 36. Ne3 Ne7 37. Qb5 bxc5 38. Rxc5 Qxb5 39. axb5 Ra8 40. f5 Nxf5 41. Nxf5 exf5 42. Rxd5 Kg6 43. b6 Rad8 44. Rxd8 Rxd8 45. b7 Kf7 46. d5 Rb8 47. Ra1 Rxb7 48. Rxa5 Rxb3 49. Ra7+ Kg6 50. d6 Rd3 51. Rd7 Kh5 52. Rd8 Rd5 53. Rd7 Kh6 54. Rd8 Kg5 55. Rg8 g6 56. Rd8 f4 57. gxf4+ Kxf4 58. d7 Kf5 59. Kf1 Rd6 60. Kf2 g5 61. Ke3 Kg4 62. Rf8 Rxd7 63. Rxf6 0-1

[Event "Buenos Aires Szmetan Giardelli op"]
[Site "Buenos Aires"]
[Date "2018.12.09"]
[Round "6"]
[White "Nejanky, Maisa"]
[Black "Cidre, Valentino"]
[Result "0-1"]
[WhiteElo "2032"]
[BlackElo "1897"]
[PlyCount "118"]
[EventDate "2018.12.04"]
[EventType "swiss"]
[EventRounds "9"]
[EventCountry "ARG"]
[SourceTitle "EXT 2024"]
[Source "ChessBase"]
[SourceDate "2023.10.10"]
[SourceVersion "1"]
[SourceVersionDate "2023.10.10"]
[SourceQuality "1"]

1. e4 c5 2. Nf3 Nc6 3. d4 cxd4 4. Nxd4 Nf6 5. Nc3 e5 6. Ndb5 d6 7. Bg5 a6 8. Na3 Be7 9. Bxf6 Bxf6 10. Nc4 Nd4 11. Nd5 b5 12. Nce3 0-0 13. c3 Nc6 14. h4 h6 15. Qh5 Kh7 16. Nf5 Bxf5 17. Qxf5+ Kh8 18. Nxf6 Qxf6 19. Qxf6 gxf6 20. 0-0-0 Rfd8 21. Rh3 Ra7 22. Rhd3 Rad7 23. g3 Ne7 24. Bh3 f5 25. exf5 f6 26. g4 d5 27. g5 hxg5 28. hxg5 Kg7 29. Bg4 Rc7 30. Rh1 Rc4 31. Rdh3 Rxg4 32. Rh7+ Kf8 33. Rh8+ Ng8 34. g6 Rd7 35. R8h7 Rg7 36. Rxg7 Kxg7 37. Rh7+ Kf8 38. Rf7+ Ke8 39. Ra7 Nh6 40. Rxa6 Nxf5 41. Rxf6 Ne7 42. Re6 e4 43. Rb6 Rxg6 44. Rxb5 Rf6 45. a4 Rxf2 46. a5 Kd7 47. a6 Rf8 48. Rb7+ Kd6 49. b4 Nc6 50. b5 Na5 51. Rh7 Kc5 52. Rd7 Nc4 53. a7 Nb6 54. Rb7 Ra8 55. Kd2 Kxb5 56. Ke3 Ka6 57. Rh7 Rxa7 58. Rh6 Rc7 59. Kd2 Kb5 0-1